|
|
|
|
| LEADER |
03248nam a2200589 4500 |
| 001 |
978-3-540-40039-4 |
| 003 |
DE-He213 |
| 005 |
20191028072531.0 |
| 007 |
cr nn 008mamaa |
| 008 |
121227s2004 gw | s |||| 0|eng d |
| 020 |
|
|
|a 9783540400394
|9 978-3-540-40039-4
|
| 024 |
7 |
|
|a 10.1007/b84246
|2 doi
|
| 040 |
|
|
|d GrThAP
|
| 050 |
|
4 |
|a QD431-431.7
|
| 072 |
|
7 |
|a PSBZ
|2 bicssc
|
| 072 |
|
7 |
|a SCI007000
|2 bisacsh
|
| 072 |
|
7 |
|a PSB
|2 thema
|
| 082 |
0 |
4 |
|a 572.6
|2 23
|
| 245 |
1 |
0 |
|a Orotidine Monophosphate Decarboxylase
|h [electronic resource] :
|b A Mechanistic Dialogue /
|c edited by Jeehiun K. Lee, Dean J. Tantillo.
|
| 250 |
|
|
|a 1st ed. 2004.
|
| 264 |
|
1 |
|a Berlin, Heidelberg :
|b Springer Berlin Heidelberg :
|b Imprint: Springer,
|c 2004.
|
| 300 |
|
|
|a IX, 153 p. 47 illus., 11 illus. in color.
|b online resource.
|
| 336 |
|
|
|a text
|b txt
|2 rdacontent
|
| 337 |
|
|
|a computer
|b c
|2 rdamedia
|
| 338 |
|
|
|a online resource
|b cr
|2 rdacarrier
|
| 347 |
|
|
|a text file
|b PDF
|2 rda
|
| 490 |
1 |
|
|a Topics in Current Chemistry,
|x 0340-1022 ;
|v 238
|
| 505 |
0 |
|
|a K.N. Houk, D.J. Tantillo, C. Stanton, Y. Hu: What Has Theory and Crystallography Revealed About the Mechanism of Catalysis by Orotidine Monophosphate Decarboxylase? -- N. Wu, E.F. Pai: Crystallographic Studies of Native and Mutant Orotidine 5'Phosphate Decarboxylases -- B.G. Miller: Insight into the Catalytic Mechanism of Orotidine 5'Phosphate Decarboxylase from Crystallography and Mutagenesis -- J.A. Smiley: Survey of Enzymological Data on ODCase -- M. Lundberg, M.R.A. Blomberg, P.E. Siegbahn: Developing Active Site Models of ODCase - from Large Quantum Models to QM/MM Approach -- J. Gao, K.L.Byun, R. Kluger: Catalysis by Enzyme Confromational Change.
|
| 650 |
|
0 |
|a Enzymology.
|
| 650 |
|
0 |
|a Biochemistry.
|
| 650 |
|
0 |
|a Materials science.
|
| 650 |
|
0 |
|a Organic chemistry.
|
| 650 |
|
0 |
|a Physical chemistry.
|
| 650 |
|
0 |
|a Chemistry, Physical and theoretical.
|
| 650 |
1 |
4 |
|a Enzymology.
|0 http://scigraph.springernature.com/things/product-market-codes/L14070
|
| 650 |
2 |
4 |
|a Biochemistry, general.
|0 http://scigraph.springernature.com/things/product-market-codes/L14005
|
| 650 |
2 |
4 |
|a Characterization and Evaluation of Materials.
|0 http://scigraph.springernature.com/things/product-market-codes/Z17000
|
| 650 |
2 |
4 |
|a Organic Chemistry.
|0 http://scigraph.springernature.com/things/product-market-codes/C19007
|
| 650 |
2 |
4 |
|a Physical Chemistry.
|0 http://scigraph.springernature.com/things/product-market-codes/C21001
|
| 650 |
2 |
4 |
|a Theoretical and Computational Chemistry.
|0 http://scigraph.springernature.com/things/product-market-codes/C25007
|
| 700 |
1 |
|
|a Lee, Jeehiun K.
|e editor.
|4 edt
|4 http://id.loc.gov/vocabulary/relators/edt
|
| 700 |
1 |
|
|a Tantillo, Dean J.
|e editor.
|4 edt
|4 http://id.loc.gov/vocabulary/relators/edt
|
| 710 |
2 |
|
|a SpringerLink (Online service)
|
| 773 |
0 |
|
|t Springer eBooks
|
| 776 |
0 |
8 |
|i Printed edition:
|z 9783642058196
|
| 776 |
0 |
8 |
|i Printed edition:
|z 9783662145517
|
| 776 |
0 |
8 |
|i Printed edition:
|z 9783540205661
|
| 830 |
|
0 |
|a Topics in Current Chemistry,
|x 0340-1022 ;
|v 238
|
| 856 |
4 |
0 |
|u https://doi.org/10.1007/b84246
|z Full Text via HEAL-Link
|
| 912 |
|
|
|a ZDB-2-CMS
|
| 912 |
|
|
|a ZDB-2-BAE
|
| 950 |
|
|
|a Chemistry and Materials Science (Springer-11644)
|